Normal view
MARC view
Entry Personal Name
001 - CONTROL NUMBER
- control field: 30226
003 - CONTROL NUMBER IDENTIFIER
- control field: dpl
005 - DATE AND TIME OF LATEST TRANSACTION
- control field: 20110727152451.0
008 - FIXED-LENGTH DATA ELEMENTS
- fixed length control field: 110727|||a|||||| | ||| d
040 ## - CATALOGING SOURCE
- Original cataloging agency: dpl
- Transcribing agency: dpl
100 ## - HEADING--PERSONAL NAME
- Personal name: Gupte, Rai Bahadur B.A.
670 ## - SOURCE DATA FOUND
- Source citation: Work cat.: (dpl)54066: Gupte, Rai Bahadur B.A., Hindu Holidays and cermonials /, 2006
670 ## - SOURCE DATA FOUND
- Source citation: Work cat.: (dpl)54066: Gupte, Rai Bahadur B.A., Hindu Holidays and cermonials /, 2006
